Les 20 plus grandes villes de France - Satellite - Statistiques

Statistiques générales
  • Ce quiz a été pris 213 fois
  • Le résultat moyen est 11 sur 20
Statistiques - réponses
Par images Réponse % Correct
Paris
99%
Marseille
83%
Nice
80%
Lyon
76%
Lille
69%
Toulon
64%
Bordeaux
62%
Grenoble
60%
Le Havre
60%
Nantes
60%
Toulouse
53%
Strasbourg
46%
Montpellier
41%
Rennes
40%
Saint Denis
36%
Reims
34%
Saint Etienne
31%
Angers
22%
Dijon
21%
Villeurbanne
21%
Aucun quiz correspondant
Distribution des résultats
% des personnes avec chaque résultat
Percentile par nombre de réponses
Votre historique - résultats
Vous n’avez pas pris ce quiz